Corporations and Counterinsurgency (Record no. 351896)
[ view plain ]
| 000 -LEADER | |
|---|---|
| fixed length control field | 00727nam a2200133Ia 4500 |
| 008 - FIXED-LENGTH DATA ELEMENTS--GENERAL INFORMATION | |
| fixed length control field | 171212s9999 xx 000 0 und d |
| 020 ## - INTERNATIONAL STANDARD BOOK NUMBER | |
| International Standard Book Number | 9780833047519 |
| 100 ## - MAIN ENTRY--PERSONAL NAME | |
| Personal name | Rosenau, William;Chalk, Peter;McPherson, Renny;Parker, Michelle;Long, Austin |
| 245 ## - TITLE STATEMENT | |
| Statement of responsibility, etc | Rosenau, William;Chalk, Peter;McPherson, Renny;Parker, Michelle;Long, Austin |
| Title | Corporations and Counterinsurgency |
| 260 ## - PUBLICATION, DISTRIBUTION, ETC. (IMPRINT) | |
| Name of publisher, distributor, etc | RAND Corporation |
| Date of publication, distribution, etc | 2009 |
| 650 ## - SUBJECT ADDED ENTRY--TOPICAL TERM | |
| Topical term or geographic name as entry element | International business enterprises -- Political aspects; Corporations, Foreign -- Political aspects; Non-governmental organizations -- Political aspects; Private military companies; Counterinsurgency; International relations |
| 650 ## - SUBJECT ADDED ENTRY--TOPICAL TERM | |
| Topical term or geographic name as entry element | Political Science |
| 856 ## - ELECTRONIC LOCATION AND ACCESS | |
| Uniform Resource Identifier | <a href="www.jstor.org/stable/10.7249/op259">www.jstor.org/stable/10.7249/op259</a> |
| Withdrawn status | Lost status | Damaged status | Home library | Current library | Date acquired | Total Checkouts | Full call number | Date last seen | Price effective from | Koha item type |
|---|---|---|---|---|---|---|---|---|---|---|
| College Library | College Library | 12/12/2017 | HD2775.5.C67 2009 | 12/12/2017 | 12/12/2017 | Curriculum - Based eBooks |